01095cam a2200277 i 450000100060000000300080000600500170001400800410003103500190007204000590009104100130015008200210016310000320018424501040021624600510032024600450037125000170041626000420043330000290047549000670050450400510057165100490062265100510067165100430072265100520076524650BD-RjUL20211209001059.0140315s1951 nyu b 001 0 eng d a(BD-RjUL)24719 aFTUbengerdacFTUdOCLCQdNPLdAU@dZWZdOCLCQdUkOxU1 aenghfre04a941.081220bHAI1 aHalévy, Elie,d1870-1937,10aImperialism and the rise of labour /cby Elie Halévy ; translated from the French by E.I. Watkin.14aImperialsim and the rise of labour (1895-1905)1 aHalévy's History of the English people a2nd rev. ed. aLondon :bRenest Benn Limited,c1951. axiii, 441 pages ;c21 cm1 aA history of the English people in the nineteenth century ;vv aIncludes bibliographical references and index. 0aGreat BritainxHistoryyVictoria, 1837-1901. 0aGreat BritainxHistoryyEdward VII, 1901-1910. 7aGrande-Bretagney1837-1901 (Vic.)2ram 7aGrande-Bretagney1901-1910 (Édouard VII)2ram